Library Banner

Design and analysis of cluster randomization trials in health research (Record no. 21014)

MARC details
000 -LEADER
fixed length control field 00479nam a2200181Ia 4500
001 - CONTROL NUMBER
control field 20677
008 - FIXED-LENGTH DATA ELEMENTS--GENERAL INFORMATION
fixed length control field 140408s9999 xx 000 0 und d
020 ## - INTERNATIONAL STANDARD BOOK NUMBER
International Standard Book Number 0-340-69153-0
040 ## - CATALOGING SOURCE
Transcribing agency PK-LaUMT
082 ## - DEWEY DECIMAL CLASSIFICATION NUMBER
Classification number 610
Item number DON-D
100 ## - MAIN ENTRY--PERSONAL NAME
Personal name Allan Donner
245 ## - TITLE STATEMENT
Title Design and analysis of cluster randomization trials in health research
Statement of responsibility, etc Allan Donner<>Neil Klar
260 ## - PUBLICATION, DISTRIBUTION, ETC. (IMPRINT)
Place of publication, distribution, etc London,UK:
Name of publisher, distributor, etc Aronld,
Date of publication, distribution, etc 2000
300 ## - PHYSICAL DESCRIPTION
Extent 178 p.
546 ## - LANGUAGE NOTE
Language note EN
700 ## - ADDED ENTRY--PERSONAL NAME
Personal name Neil Klar
942 ## - ADDED ENTRY ELEMENTS (KOHA)
Koha item type Books
Holdings
Withdrawn status Lost status Damaged status Not for loan Home library Current library Date acquired Total Checkouts Full call number Barcode Date last seen Price effective from Koha item type
        UMT Main Campus UMT Main Campus 2014-04-08   610 DON-D 24056 2014-04-23 2014-04-23 Books